000 02053nam a2200397 a 4500
001
003 OSt
005 20220314113927.0
007 ta
008 150114s2014 dr er 001 0 spa d
020 _a9789945580204
040 _aDO-SdBNP
_bspa
_cBPMSU
082 _a346.015
_bP123p 2014
_222
100 1 _aPadilla, Yudelka
245 1 4 _aLas personas jurídicas naturales y el derecho familiar /
_cYudelka Maribel Padilla Maldonado ; Alexandra Deschamps , diagramación
260 _aSanto Domingo :
_bUAPA,
_c2014.
300 _a327 p. ;
_c26 cm.
490 0 _aAutoaprendizaje
500 _aIncluye datos biográficos de la autora en la solapa de la cubierta
504 _aBibliografía : p. 325-326
505 1 _aCapítulo I : Las personas físicas o naturales.-- Capítulo II : El nombre, el suedónimo y el sobrenombre -- Capítulo III : El domicilio capítulo IV : El patrimonio -- Capítulo V : La capacidad -- Capítulo VI : El consejo de familia, la tutela y la curatela.-- Capítulo VII : El estado civil -- Capítulo VIII : El oficial del estado civil y las actas del estado civil -- Capítulo IX : La nacionalidad -- Capítulo X : El derecho familiar y familia -- Capítulo XI : El matrimonio -- Capítulo XII : El divorcio -- Capítulo XIII : La filiación. reconocimiento y desconocimiento de la filiación.-
_t
505 1 _aCapítulo XIV :
_tLa adopción.-
505 1 _aCapítulo XV :
_tLa autoridad del padre y de la madre, la guarda y las visitas.-
505 1 _aCapítulo XVI :
_tLa obligación alimenticia.-
505 1 _tRespuestas a los ejercicios de autoevaluación.-
505 1 _tBibliografía general.-
590 _aInventariado,2022/VM
650 4 _aPersonas (derecho)
650 4 _aDerecho de familia
650 4 _aFamilia
_xAspectos sociales
650 4 _aMatrimonio
_xAspectos jurídicos.
700 1 _aDeschamps, Alexandra
_ediagramación
710 2 _aUniversidad Abierta para Adultos (Santiago de los Caballeros, Republica Dominicana)
910 _aVMateo V.
942 _2ddc
_cBK
999 _c14071
_d14071